000 00547cam a2200229 4500
001 J2687
008 090401t1994 xxu||||| |||| 00| 0 eng d
035 _a(Sirsi) u50531
041 _aeng
050 _a333.33709421
110 _aChesterton
_92357
245 _aLondon profile update. - 30th September 1994
260 _aLondon
_bChesterton
_c1994
300 _a(4)p. ; 30cm.
350 _a0
650 _aOFFICES
650 _aRENT
650 _aYIELDS
690 _aPROPERTY-COMMERCIAL PROPERTY
942 _n0
948 _c04/03/1997
999 _c92717
_d92717